[Event "AUTO-OPEN-3406"]
[Site "http://www.queenalice.com/game.php?id=1330638"]
[Date "2014.12.25"]
[Round "1"]
[White "TorresR"]
[Black "Moshe2016"]
[Result "1-0"]
[WhiteElo "1819"]
[BlackElo "1753"]

1. e4 g6 2. d4 Bg7 3. Nc3 d6 4. Be3 Nf6 5. Bd3 O-O 6. f3 b6 7. Nge2 c5 8. Qd2
cxd4 9. Nxd4 Bb7 10. O-O-O Nfd7 11. h4 h5 12. g4 hxg4 13. fxg4 e6 14. g5 e5 15.
Nf3 Nc5 16. h5 Nxd3+ 17. cxd3 Nc6 18. hxg6 fxg6 19. Qh2 Kf7 20. Nh4 Rh8 21.
Rdf1+ Ke8 22. Qf2 Rf8 23. Qg3 Rxf1+ 24. Rxf1 Ne7 25. Qf3 Kd7 26. Qf7 Qg8 27.
Nxg6 Qxf7 28. Rxf7 Re8 29. Rxg7 Ke6 30. Rxe7+ Rxe7 31. Nxe7 Kxe7 32. Kd2 Bc6 33.
a4 1-0

[Event "AUTO-OPEN-3423"]
[Site "http://www.queenalice.com/game.php?id=1336652"]
[Date "2015.1.23"]
[Round "1"]
[White "rockme"]
[Black "Moshe2016"]
[Result "1-0"]
[WhiteElo "1626"]
[BlackElo "1793"]

1. e4 g6 2. d4 Bg7 3. c3 d6 4. Nf3 Nf6 5. Bd3 O-O 6. O-O Bg4 7. h3 Bxf3 8. Qxf3
c6 9. Bg5 Nbd7 10. Nd2 e5 11. Rad1 Qa5 12. a3 Qb6 13. Nc4 Qc7 14. Qe2 exd4 15.
cxd4 Rfe8 16. Qc2 b5 17. Nd2 a6 18. Rfe1 Nh5 19. d5 c5 20. Be2 c4 21. Bxh5 gxh5
22. Nf3 Ne5 23. Nxe5 Bxe5 24. Qe2 f6 25. Bc1 Qf7 26. f4 Qa7+ 27. Be3 1-0

[Event "AUTO-OPEN-3423"]
[Site "http://www.queenalice.com/game.php?id=1336653"]
[Date "2015.1.23"]
[Round "1"]
[White "Moshe2016"]
[Black "rockme"]
[Result "0-1"]
[WhiteElo "1701"]
[BlackElo "1779"]

1. g4 d6 2. Bg2 g6 3. g5 Bg7 4. c4 Nd7 5. Qb3 Rb8 6. Bd5 e6 7. Qe3 e5 8. h4 Ne7
9. Bg2 Nf5 10. Qxa7 O-O 11. Nc3 Nd4 12. Kd1 c6 13. e3 Ne6 14. Bh3 Qb6 15. Qxb6
Nxb6 16. b3 Nc5 17. Bg2 e4 18. Nge2 Nd3 19. Rf1 d5 20. cxd5 cxd5 21. Ba3 Rd8 22.
Nc1 Ne5 23. N1e2 Ra8 24. Bb2 Nd3 25. Rb1 Be6 0-1

[Event "AUTO-INT-2949"]
[Site "http://www.queenalice.com/game.php?id=1336993"]
[Date "2015.1.25"]
[Round "1"]
[White "salvachess"]
[Black "Moshe2016"]
[Result "0-1"]
[WhiteElo "1554"]
[BlackElo "1799"]

1. e4 g6 2. Nc3 Bg7 3. d4 d6 4. Nf3 Nf6 5. Bd3 O-O 6. O-O Bg4 7. Bg5 h6 8. Bxf6
Bxf6 9. h3 Bxf3 10. Qxf3 Bxd4 11. Nd1 Bg7 12. Ne3 Bxb2 13. Rab1 Bg7 14. Rxb7 Nd7
15. Nd5 Nc5 16. Rxc7 Nxd3 17. Qxd3 e6 18. Ne7+ Kh8 19. Qc4 Bf6 20. Nc6 Qxc7 0-1

[Event "AUTO-INT-2949"]
[Site "http://www.queenalice.com/game.php?id=1336994"]
[Date "2015.1.25"]
[Round "1"]
[White "Moshe2016"]
[Black "salvachess"]
[Result "0-1"]
[WhiteElo "1800"]
[BlackElo "1567"]

1. g4 e5 2. c4 Nc6 3. Bg2 Nd4 4. e3 Ne6 5. Qb3 d6 6. Bxb7 Bxb7 7. Qxb7 Nc5 8.
Qc6+ Nd7 9. Qa4 Be7 10. f3 Nf6 11. Nc3 O-O 12. Qc2 c5 13. h4 g6 14. h5 a5 15.
hxg6 fxg6 16. Nd5 Nxd5 17. cxd5 Nf6 18. e4 Qb6 19. b3 Qb5 20. Qc4 Qxc4 21. bxc4
Nd7 22. Rb1 Rab8 0-1

[Event "AUTO-INT-2949"]
[Site "http://www.queenalice.com/game.php?id=1337006"]
[Date "2015.1.25"]
[Round "1"]
[White "HugosPaynos"]
[Black "Moshe2016"]
[Result "0-1"]
[WhiteElo "1455"]
[BlackElo "1749"]

1. Nf3 g6 2. d4 Bg7 3. c4 d6 4. e3 Nf6 5. Nc3 O-O 6. Be2 c5 7. dxc5 dxc5 8. Qxd8
Rxd8 9. O-O a6 10. Rd1 Rxd1+ 11. Bxd1 Nc6 12. a3 Be6 13. Bc2 Bxc4 14. b3 Be6 15.
Bb2 Rd8 16. Rd1 Rxd1+ 0-1

[Event "AUTO-INT-2949"]
[Site "http://www.queenalice.com/game.php?id=1337007"]
[Date "2015.1.25"]
[Round "1"]
[White "Moshe2016"]
[Black "HugosPaynos"]
[Result "1-0"]
[WhiteElo "1774"]
[BlackElo "1397"]

1. g4 d5 2. c4 Bxg4 3. Bg2 c6 4. cxd5 cxd5 5. Qb3 e6 6. Qa4+ Qd7 7. Qxg4 g6 8.
d3 Bg7 9. Nc3 Nf6 10. Qa4 Qxa4 11. Nxa4 1-0

[Event "AUTO-INT-2949"]
[Site "http://www.queenalice.com/game.php?id=1337014"]
[Date "2015.1.25"]
[Round "1"]
[White "Moshe2016"]
[Black "NeeneNY"]
[Result "0-1"]
[WhiteElo "1690"]
[BlackElo "1533"]

1. g4 b5 2. Bg2 c6 3. g5 e6 4. d3 Bb7 5. h4 Bc5 6. Nc3 Ne7 7. Ne4 d6 8. Nxc5
dxc5 9. b3 Nd7 10. Bb2 Qa5+ 11. Kf1 c4 12. Bxg7 Rg8 13. Bb2 Nf5 14. e4 Nd6 15.
Qh5 Qd2 16. Qxh7 O-O-O 17. Rc1 c3 18. Ba3 f6 19. Nf3 b4 20. Nxd2 cxd2 21. Rd1
bxa3 22. g6 f5 23. e5 Nb5 24. Rxd2 Nc3 25. d4 Nxa2 26. h5 Nc1 27. Rd1 Ba6+ 28.
Kg1 Ne2+ 29. Kh2 Rh8 30. Qxh8 Rxh8 31. Bf3 Kc7 0-1

[Event "AUTO-INT-2949"]
[Site "http://www.queenalice.com/game.php?id=1337015"]
[Date "2015.1.25"]
[Round "1"]
[White "NeeneNY"]
[Black "Moshe2016"]
[Result "1-0"]
[WhiteElo "1487"]
[BlackElo "1770"]

1. e4 g6 2. d4 Bg7 3. Nf3 d6 4. d5 Nf6 5. Bd3 O-O 6. O-O Nbd7 7. Nc3 Nc5 8. Be3
Nxd3 9. Qxd3 Bg4 10. Bg5 h6 11. Bxf6 Bxf6 12. a4 a6 13. a5 Qd7 14. b4 h5 15.
Rfe1 Bxc3 16. Qxc3 Bxf3 17. Qxf3 Qb5 18. c3 Qd7 19. Rad1 Kg7 20. e5 dxe5 21.
Rxe5 Qd6 22. Re4 Rfe8 23. h4 1-0

[Event "AUTO-OPEN-3431"]
[Site "http://www.queenalice.com/game.php?id=1339884"]
[Date "2015.2.6"]
[Round "1"]
[White "salso"]
[Black "Moshe2016"]
[Result "1-0"]
[WhiteElo "2098"]
[BlackElo "1741"]

1. d4 g6 2. e4 Bg7 3. f4 d6 4. Nf3 Nf6 5. Nc3 O-O 6. Bd3 Nc6 7. O-O Bg4 8. Ne2
Nb4 9. Bd2 Nxd3 10. cxd3 Bxf3 11. Rxf3 Nd7 12. Bc3 c5 13. dxc5 Nxc5 14. Ng3 Bxc3
15. bxc3 b6 16. f5 g5 17. Nh5 f6 18. Qe2 h6 19. d4 1-0

[Event "AUTO-OPEN-3431"]
[Site "http://www.queenalice.com/game.php?id=1339885"]
[Date "2015.2.6"]
[Round "1"]
[White "Moshe2016"]
[Black "salso"]
[Result "0-1"]
[WhiteElo "1743"]
[BlackElo "2096"]

1. c4 c5 2. Qb3 Nc6 3. g4 Qb6 4. Qxb6 axb6 5. g5 g6 6. d3 Bg7 7. Bg2 h6 8. gxh6
Bxh6 9. Bxh6 Nxh6 10. Nc3 d6 11. Nd5 Kd8 12. Nxb6 Ra6 13. Nxc8 Kxc8 14. Bxc6
bxc6 15. b3 Kc7 16. Nf3 Rha8 17. a4 Rb6 18. Rb1 Rxa4 19. O-O Ra3 20. Nd2 d5 21.
f3 Nf5 0-1

[Event "AUTO-OPEN-3431"]
[Site "http://www.queenalice.com/game.php?id=1339906"]
[Date "2015.2.6"]
[Round "1"]
[White "Parma"]
[Black "Moshe2016"]
[Result "1-0"]
[WhiteElo "1815"]
[BlackElo "1701"]

1. d4 g6 2. Nf3 d6 3. e3 Bg7 4. Be2 Nf6 5. O-O O-O 6. c4 c5 7. Nc3 b6 8. d5 Nfd7
9. Qc2 Ne5 10. Nxe5 Bxe5 11. f4 Bxc3 12. Qxc3 Nd7 13. b3 Nf6 14. Bb2 Qe8 15. g4
h6 16. g5 1-0

[Event "AUTO-OPEN-3431"]
[Site "http://www.queenalice.com/game.php?id=1339920"]
[Date "2015.2.6"]
[Round "1"]
[White "Moshe2016"]
[Black "LUKK22"]
[Result "0-1"]
[WhiteElo "1802"]
[BlackElo "2648"]

1. c4 g6 2. Qb3 d6 3. g4 Bg7 4. Bg2 Nf6 5. g5 Nfd7 6. d3 O-O 7. Bxb7 Bxb7 8.
Qxb7 Nc5 9. Qb4 Nc6 10. Qd2 Nd4 11. Nc3 e6 12. h4 Nf5 13. Nf3 Nd4 0-1

[Event "AUTO-OPEN-3431"]
[Site "http://www.queenalice.com/game.php?id=1339921"]
[Date "2015.2.6"]
[Round "1"]
[White "LUKK22"]
[Black "Moshe2016"]
[Result "1-0"]
[WhiteElo "2647"]
[BlackElo "1804"]

1. g4 g6 2. Bg2 Bg7 3. c4 d6 4. Qb3 Nf6 5. g5 Nfd7 6. h4 O-O 7. Bxb7 Bxb7 8.
Qxb7 Nc6 9. Qxc6 Ne5 10. Qg2 c6 11. d3 1-0

[Event "AUTO-OPEN-3436"]
[Site "http://www.queenalice.com/game.php?id=1341793"]
[Date "2015.2.15"]
[Round "1"]
[White "roqqk"]
[Black "Moshe2016"]
[Result "1-0"]
[WhiteElo "1650"]
[BlackElo "1739"]

1. e4 g6 2. d4 Bg7 3. e5 d6 4. Nf3 dxe5 5. Nxe5 Bxe5 6. dxe5 Qxd1+ 7. Kxd1 e6 8.
Be3 b6 9. Nc3 Ne7 10. Bd3 O-O 11. Be4 Nbc6 12. Ke2 Rb8 13. Nb5 Ba6 14. a4 Bxb5+
15. axb5 Nxe5 16. Rhd1 Rfd8 17. Rxd8+ Rxd8 18. Rxa7 Rc8 19. Bf4 Ng4 20. Rxc7 Kf8
21. Rd7 Nf6 22. Bh6+ Ke8 23. Rb7 Nxe4 24. c3 Nf5 25. Bf4 1-0

[Event "AUTO-OPEN-3436"]
[Site "http://www.queenalice.com/game.php?id=1341794"]
[Date "2015.2.15"]
[Round "1"]
[White "Moshe2016"]
[Black "roqqk"]
[Result "0-1"]
[WhiteElo "1719"]
[BlackElo "1670"]

1. g4 e5 2. c4 d5 3. cxd5 Qxd5 4. f3 Nc6 5. Nc3 Qa5 6. d3 Be6 7. Bd2 O-O-O 8.
Ne4 Qb5 9. b3 Bb4 10. Ng5 Nd4 11. Nxe6 Nxe6 12. Bxb4 Qxb4+ 13. Qd2 Qd6 14. Bg2
h6 15. h4 Nf4 16. Bf1 Ne7 17. Nh3 Nxh3 18. Bxh3 Kb8 19. O-O-O Nc6 0-1

[Event "AUTO-OPEN-3436"]
[Site "http://www.queenalice.com/game.php?id=1341837"]
[Date "2015.2.15"]
[Round "1"]
[White "Moshe2016"]
[Black "rafael_100000"]
[Result "0-1"]
[WhiteElo "1783"]
[BlackElo "1858"]

1. g4 e5 2. c4 Nc6 3. Bg2 Nf6 4. g5 Ng8 5. d3 Be7 6. h4 d6 7. Nc3 f6 8. gxf6
Bxf6 9. Nf3 Bg4 10. Ne4 Bxf3 11. Bxf3 Bxh4 12. Nc3 Nd4 13. Bxb7 Rb8 14. Bd5 Nf6
0-1

[Event "AUTO-OPEN-3436"]
[Site "http://www.queenalice.com/game.php?id=1341838"]
[Date "2015.2.15"]
[Round "1"]
[White "rafael_100000"]
[Black "Moshe2016"]
[Result "1-0"]
[WhiteElo "1844"]
[BlackElo "1797"]

1. e4 g6 2. d4 Bg7 3. Nf3 d6 4. Nc3 Nf6 5. Bd3 O-O 6. O-O Ng4 7. Ng5 e5 8. d5 h6
9. Nf3 a6 10. b3 b5 11. Bb2 1-0